| 000 | 00902nam1a22002651i 4500 | ||
|---|---|---|---|
| 001 | rc\3775607 | ||
| 005 | 20240726081838.0 | ||
| 021 |
_aRU _b[75-96558-59] |
||
| 035 | _a(NLR Aleph) 007228238 | ||
| 090 |
_a7719015 _c7719015 |
||
| 100 | _a20120127d1975 |||y0rusy50 ca | ||
| 101 | 1 |
_arus _ctuk |
|
| 102 | _aRU | ||
| 105 | _a z |||a| | ||
| 200 | 1 |
_aСудьба _eРоман _eАвториз. пер. с туркм. _fХидыр Дерьяев _g[Вступит. статья Л.Климовича] |
|
| 210 |
_aМосква _cХудож. лит. _d1975 |
||
| 215 | _d20 | ||
| 607 |
_aТуркмения _z20 в. (х. л.) _2psbo |
||
| 700 | 1 |
_6z01790 _aДерьяев _bХ. _f1905-1988 _gХыдыр |
|
| 702 | 1 |
_aКлимович _bЛ. _4080 |
|
| 790 | 1 |
_6z01700 _aДерьяев _bХ. _f1905-1988 _gХидыр |
|
| 801 | 0 |
_aRU _bNLR _gpsbo |
|
| 801 | 1 |
_aRU _bELAR _2rusmarc |
|
| 852 |
_aNLR _j76-3/1201 |
||
| 942 | _cBOOK | ||